LEADER 01259nam0 22003013i 450 001 VAN00299813 005 20251023024820.229 010 $a979-12-549-6058-5 100 $a20251023d2023 |0itac50 ba 101 $aita 102 $aIT 105 $a|||| ||||| 181 $ai$b e 182 $an 183 $anc 200 1 $aˆLa ‰fantascienza italiana contro il boom economico$equattro narrazioni distopiche degli anni sessanta (Aldani, Buzzati, De Rossignoli, Scerbanenco)$fDaniele Comberiati 210 $aFirenze$cFranco Cesati$d2023 215 $a244 p.$d21 cm 410 1$1001VAN00299815$12001 $aSpartenze. Studi e testi sulla letteratura di migrazione$1210 $aFirenze$cFranco Cesati$v2 620 $dFirenze$3VANL000014 700 1$aComberiati$bDaniele$3VANV235445$0611494 712 $aCesati $3VANV113251$4650 801 $aIT$bSOL$c20251024$gRICA 899 $aBIBLIOTECA DEL DIPARTIMENTO DI LETTERE E BENI CULTURALI$1IT-CE0103$2VAN07 912 $aVAN00299813 950 $aBIBLIOTECA DEL DIPARTIMENTO DI LETTERE E BENI CULTURALI$d07CONS Zn 466 $e07UBL5513 20251023 996 $aFantascienza italiana contro il boom economico$94447836 997 $aUNICAMPANIA